banner koha

Agroecologia, saberes e práticas: um guia rápido para desenvolver a agroecologia em comunidades rurais (Registro n. 9143)

MARC details
000 -LÍDER
Campo de controle fixo 01358nam a22004097a 4500
001 - NÚMERO DE CONTROLE
Número de controle BR2023000537
003 - CÓDIGO MARC DA AGÊNCIA CATALOGADORA
Campo de controle BR-BrBNA
005 - DATA E HORA DA ÚLTIMA ATUALIZAÇÃO
Campo de controle 20230601154131.0
008 - CAMPO DE TAMANHO FIXO
Campo fixo de controle 230517b bl.||||| |||| 00| 0 por d
040 ## - FONTE DA CATALOGAÇÃO
Agência catalogadora BR-BrBNA
Idioma da catalogação por
041 ## - CÓDIGO DO IDIOMA
Código do Idioma por
072 ## - CATEGORIA AGRIS
Código da categoria de assunto F40 ; F08 ; P01
090 ## - NÚMERO DE CHAMADA
Número de Chamada F40 BR2023000537
100 ## - ENTRADA PRINCIPAL - NOME PESSOAL
Nome pessoal Lamb, Charles (ed.)
110 ## - ENTRADA PRINCIPAL - ENTIDADE
Nome da entidade ou lugar Centro de Estudos e Promoção da Agricultura de Grupo, Florianópolis, SC (Brazil)
245 ## - TÍTULO PRINCIPAL
Título principal Agroecologia, saberes e práticas: um guia rápido para desenvolver a agroecologia em comunidades rurais
260 ## - IMPRENTA (PUBLICAÇÃO, DISTRIBUIÇÃO, ETC.)
Lugar de publicação, distribuição, etc. Florianópolis, SC (Brazil) :
Nome do editor, distribuidor, etc. CEPAGRO,
Data de publicação, distribuição, etc [nd]
300 ## - DESCRIÇÃO FÍSICA
Extensão 40 p.
500 ## - NOTA GERAL
Notas gerais Published after 2015; 6 ref.; 35 illus.
650 ## - ASSUNTO - THESAGRO
Cabeçalho tópico ou nome geográfico ECOLOGIA VEGETAL
650 ## - ASSUNTO - THESAGRO
Cabeçalho tópico ou nome geográfico AGRICULTURA ORGÂNICA
650 ## - ASSUNTO - THESAGRO
Cabeçalho tópico ou nome geográfico AGRICULTRA SUSTENTÁVEL
650 ## - ASSUNTO - THESAGRO
Cabeçalho tópico ou nome geográfico PROTEÇÃO AMBIENTAL
650 ## - ASSUNTO - THESAGRO
Cabeçalho tópico ou nome geográfico RECUPERAÇÃO DO SOLO
650 ## - ASSUNTO - THESAGRO
Cabeçalho tópico ou nome geográfico ADUBAÇÃO VERDE
650 ## - ASSUNTO - THESAGRO
Cabeçalho tópico ou nome geográfico COMPOSTAGEM
650 ## - ASSUNTO - THESAGRO
Cabeçalho tópico ou nome geográfico PASTAGEM
650 ## - ASSUNTO - THESAGRO
Cabeçalho tópico ou nome geográfico MÉTODO VOISAN
650 ## - ASSUNTO - THESAGRO
Cabeçalho tópico ou nome geográfico CONTROLE BIOLÓGICO
650 ## - ASSUNTO - THESAGRO
Cabeçalho tópico ou nome geográfico SEGURANÇA ALIMENTAR
650 ## - ASSUNTO - THESAGRO
Cabeçalho tópico ou nome geográfico QUALIDADE
650 ## - ASSUNTO - THESAGRO
Cabeçalho tópico ou nome geográfico PRESERVAÇÃO DA NATUREZA
650 ## - ASSUNTO - THESAGRO
Cabeçalho tópico ou nome geográfico COMUNIDADE RURAL
856 ## - ACESSO E ENDEREÇO ELETRÔNICO
Identificador uniforme de recurso - URI https://cdn.biodiversidadla.org/content/download/130305/1016522/file/Cartilha+Agroecologia,+Saberes+e+Pr%C3%A1ticas.pdf
909 ## - IDENTIFICAÇÃO DO CATALOGADOR
Ano e mês da catalogação (aaaamm) 202305
Identificação do catalogador Fernando
942 ## - TIPO ESPECÍFICO
Tipo de material Livros
952 ## - LOCATION AND ITEM INFORMATION (KOHA)
-- 2023-05-17
Exemplares
Status de empréstimo Fonte de classificação Status de danificação Não pode ser emprestado Código da coleção Localização permanente Localização atual Localização na estante Total Checkouts Número de chamada Código de barras Tipo de material
  Classificação AGRIS     Agrobase Biblioteca Nacional de Agricultura - Binagri Biblioteca Nacional de Agricultura - Binagri Agrobase - Acervo Geral   F40 BR2023000537 2023-435624 Livros

BINAGRI

Telefone: (61)3218-2567/2388/3357/2097 - binagri@agro.gov.br

Ministério da Agricultura e Pecuária , Esplanada dos Ministérios, Bloco D, Anexo B, Brasília/DF, CEP: 70.043-900